000 00715nam a2200241 a 4500
001 58938
003 BD-RjUL
005 20211209080655.0
008 161220s1999 ii ||||| |||| 001 0 eng d
020 _a8126102063
035 _a(BD-RjUL)59062
040 _aBD-RjUL
_beng
_cBD-RjUL
041 _aeng
082 _223
_a332.10954
_bKUF 1999
100 _aKumar, Sanjay
_9175259
245 1 0 _aFinancial analysis models of commercial banks /
_cSanjay Kumar; Foreword by C. Rangarajan
260 _aNew Delhi :
_bAnmol Publication,
_cc1999
300 _axvi, 232 p. ;
_c23 cm.
500 _aIncludes index
650 _aBanks and banking
_z India
_9173834
700 _aRangarajan, C.
_9175260
942 _2ddc
_cBK
999 _c58938
_d58938